Detalles MARC
| 000 -LIDER |
| fixed length control field |
01639cam a2200409 i 4500 |
| 001 - NÚMERO DE CONTROL |
| Identificador de número de control |
0000648 |
| 003 - IDENTIFICACDOR DE NÚMERO DE CONTROL |
| control field |
DO-SdBNP |
| 005 - DATE AND TIME OF LATEST TRANSACTION |
| control field |
20171110102730.0 |
| 007 - CAMPOS FIJOS DE DESCRIPCIÓN FÍSICA |
| fixed length control field |
0000648 |
| 008 - ELEMENTOS DE LONGITUD FIJA |
| fixed length control field |
100514s 2008 sp a | 000 f spa |
| 015 ## - NÚMERO DENTRO DE LA BIBLIOGRAFÍA NACIONAL |
| National bibliography number |
|
| 017 ## - NÚMERO DE REGISTRO DE DERECHOS DE AUTOR |
| Copyright or legal deposit number |
|
| Assigning agency |
|
| 020 ## - ISBN |
| International Standard Book Number |
9788497512824 |
| 035 ## - NÚMERO LOCAL |
| System control number |
|
| 040 ## - FUENTE DE CATALOGACIÓN |
| Agencia que crea de manera original el registro |
BPMSU |
| Idioma de catalogación |
spa |
| Agencia que realiza la transcripción |
BPMSU |
| Convenciones de la despripción |
|
| 080 ## - NÚMERO DE CLASIFICACIÓN DECIMAL UNIVERSAL |
| Universal Decimal Classification number |
|
| 082 #4 - NÚMERO DE CLASIFICACIÓN DECIMAL DE DEWEY |
| Classification number |
618.92855 |
| Item number |
P337d |
| 100 1# - ASIENTO PRINCIPAL -- NOMBRE PERSONAL |
| Nombre personal |
Pavez Guzmán, María Mercedes |
| 245 13 - MENCIÓN DE TITULO |
| Título |
El desarrollo narrativo en niños : |
| Subtítulo |
una propuesta práctica para la evaluación y la intervención en niños con trastorno del lenguaje / |
| Mención de responsabilidad |
María Mercedes Pavez Guzmán, Carmen Julia Coloma Tirapequi, Mariangela Maggiolo Landaeta ; prólogo Juan Narbona |
| 250 ## - MENCIÓN DE EDICION |
| Mención de edición |
Reimpr. 2010. |
| 260 ## - PUBLICACIÓN, DISTRIBUCIÓN, ETC. (PIE DE IMPRENTA) |
| Lugar de publicación, distribución, etc |
Barcelona : |
| Nombre del editor, distribuidor, etc. |
Ars Medica, |
| -- |
Lexus, |
| Fecha de publicación, distribución, etc |
2008. |
| 300 ## - DESCRIPCIÓN FÍSICA |
| Extensión |
221 p.: |
| Otros detalles físicos |
il. |
| Dimensiones |
25 cm |
| 490 ## - MENCIÓN DE SERIES |
| Mención de serie |
Psicopedagogía |
| 500 ## - NOTA GENERAL |
| Nota general |
Incluye índice alfabético de materias. |
| 504 ## - NOTA DE BIBLIOGRAFÍA, ETC. |
| Bibliography, etc |
Bibliografía p: 213-216 |
| 505 2# - NOTA DE CONTENIDO |
| Título |
El discurso narrativo -- |
| -- |
El desarrollo narrativo en niños -- |
| -- |
Evaluación del discurso narrativo -- |
| -- |
Un plan para la estimulación del desarrollo narrativo -- |
| -- |
Corrección de las autoevaluaciones -- |
| -- |
Bibliografía -- |
| -- |
Índice alfabético de materias -- |
| 650 #4 - ENCABEZAMIENTO DE MATERIA--TEMÁTICO |
| Término temático o nombre geográfico como elemento de entrada |
TRASTORNOS DEL HABLA EN NIÑOS |
| 650 #4 - ENCABEZAMIENTO DE MATERIA--TEMÁTICO |
| Término temático o nombre geográfico como elemento de entrada |
TRASTORNOS DE LA PRONUNCIACIÓN EN NIÑOS |
| 700 12 - ASIENTO SECUNDARIO -- NOMBRE PERSONAL |
| Nombre personal |
Coloma Tirapegui, Carmen Julia |
| 700 12 - ASIENTO SECUNDARIO -- NOMBRE PERSONAL |
| Nombre personal |
Maggiolo Landaeta, Mariangela |
| 700 12 - ASIENTO SECUNDARIO -- NOMBRE PERSONAL |
| Nombre personal |
Narbona, Juan |
| Mención de responsabilidad |
pról. |
| 830 ## - ASIENTO SECUNDARIO DE SERIE--TÍTULO UNIFORME |
| Título uniforme |
Psicopedagogía |
| 910 ## - VALIDACIÓN |
| Validación |
Validado. Control de calidad MFF |
| 942 ## - ADDED ENTRY ELEMENTS (KOHA) |
| Source of classification or shelving scheme |
Dewey Decimal Classification |
| Koha item type |
Libros |
| 945 ## - INFORMACIÓN DE PROCESAMIENTO LOCAL |
| Información de procesamiento local |
Invetariado extranjero / 2017 VM |
| 956 ## - LOCAL ELECTRONIC LOCATION AND ACCESS (OCLC) |
| Nombre de host |
YLOCKWARD |
| Campo enlazado y núm. de secuencia |
10 |
| Información de compresión |
BPMSU |